000 00990 a2200253 4500
001 28713
005 20260407155557.0
008 260407a1972 arg spa d
003 AR-UNSa-BCEJYS
040 _aAR-UNSa-BCEJYS
_bspa
_cAR-UNSa-BCEJYS
080 _a314.82
_xIncremento de población
245 1 0 _aLos límites del crecimiento
_pinforme al Club de Roma sobre el predicamento de la humanidad
264 1 _aMéxico :
_bFondo de Cultura Económica
_c1972
300 _a253 p.
_c17 cm.
505 _a1. Naturaleza del crecimiento exponencial - 2. Los límites del crecimiento exponencial - 3. El crecimiento en el sistema mundial - 4. La técnica y los límites del crecimiento - 5. El estado de equilibrio global
041 _aspa
942 _cBK
590 _aniveau_biblio:m niveau_hierar:0
100 1 _aLoaeza de Graue, María Soledad
700 1 _aMeadows, Dennis L.
700 1 _aMeadows, Donella H.
700 1 _aRanders, Jørgen
700 1 _aBehrens III, William W.
999 _c1731
_d1731